NASA System Engineering Handbook (Record no. 23434)
[ view plain ]
| 000 -LEADER | |
|---|---|
| fixed length control field | 00366nam a22001097a 4500 |
| 003 - CONTROL NUMBER IDENTIFIER | |
| control field | NUST |
| 005 - DATE AND TIME OF LATEST TRANSACTION | |
| control field | 20170620103605.0 |
| 008 - FIXED-LENGTH DATA ELEMENTS--GENERAL INFORMATION | |
| fixed length control field | 131003b xxu||||| |||| 00| 0 eng d |
| 020 ## - INTERNATIONAL STANDARD BOOK NUMBER | |
| Terms of availability | Available |
| 040 ## - CATALOGING SOURCE | |
| Original cataloging agency | DLC |
| Language of cataloging | DLC |
| Transcribing agency | RCMS |
| 082 ## - DEWEY DECIMAL CLASSIFICATION NUMBER | |
| Classification number | 620.0068 NAS |
| 100 ## - MAIN ENTRY--PERSONAL NAME | |
| Personal name | Nasa |
| 9 (RLIN) | 2871 |
| 245 ## - TITLE STATEMENT | |
| Title | NASA System Engineering Handbook |
| Statement of responsibility, etc. | Nasa |
| 260 ## - PUBLICATION, DISTRIBUTION, ETC. | |
| Place of publication, distribution, etc. | Washinton |
| Name of publisher, distributor, etc. | NASA |
| Date of publication, distribution, etc. | c2007 |
| 300 ## - PHYSICAL DESCRIPTION | |
| Extent | xvi,340,p: |
| Other physical details | ill: |
| Dimensions | 25,cm |
| 500 ## - GENERAL NOTE | |
| General note | Includes with index |
| 538 ## - SYSTEM DETAILS NOTE | |
| Display text | Shelf No 1 Row No 4 |
| 650 ## - SUBJECT ADDED ENTRY--TOPICAL TERM | |
| Topical term or geographic name entry element | Aerospace engineering |
| 9 (RLIN) | 2467 |
| 856 ## - ELECTRONIC LOCATION AND ACCESS | |
| Materials specified | Table of Content Only |
| 942 ## - ADDED ENTRY ELEMENTS (KOHA) | |
| Source of classification or shelving scheme | |
| Koha item type | Book |
| Withdrawn status | Lost status | Source of classification or shelving scheme | Damaged status | Not for loan | Permanent Location | Current Location | Shelving location | Date acquired | Total Checkouts | Total Renewals | Full call number | Barcode | Date last seen | Date last checked out | Price effective from | Koha item type |
|---|---|---|---|---|---|---|---|---|---|---|---|---|---|---|---|---|
| School of Interdisciplinary Engineering and Sciences (SINES) | School of Interdisciplinary Engineering and Sciences (SINES) | General Stacks | 10/03/2013 | 2 | 2 | 620.0068 NAS | RCMS002583 | 11/22/2022 | 09/23/2022 | 10/03/2013 | Book |
